| 000 | 00535nam a22001817a 4500 | ||
|---|---|---|---|
| 003 | OSt | ||
| 005 | 20250830034525.0 | ||
| 008 | 250830b |||||||| |||| 00| 0 eng d | ||
| 020 | _a 0-7817-143. | ||
| 040 |
_aDWCL-Main lib _cOC |
||
| 082 |
_22nd ed. _aCirc.616.07 P222p 1999 |
||
| 100 | _aCatherine Paradiso | ||
| 245 |
_aPathophysiology/ _cCatherine Paradiso |
||
| 260 |
_aPhiladelphia : _bLippincott's Williams and Wilkins, _cc 1999. |
||
| 300 |
_axx, 496 p. ; _c22 cm. |
||
| 504 | _aIncludes index. | ||
| 942 |
_2ddc _cBK-CIRC _kCirc. _n0 |
||
| 999 |
_c4412 _d4412 |
||